| 000 | 01181nam2a22003251 4500 | ||
|---|---|---|---|
| 001 | v19\rc\1876047 | ||
| 005 | 20251118180258.5 | ||
| 035 | _a(NLR Aleph) 004966353 | ||
| 090 |
_a6037734 _c6037734 |
||
| 100 | _a20080221d1910 u y0rusy50 ca | ||
| 101 | 1 |
_arus _cswe |
|
| 102 | _aRU | ||
| 105 | _ay z ||||| | ||
| 200 | 1 |
_aИерусалим _eКн. 2 _fПер. В.К. |
|
| 210 | _d1910 | ||
| 215 | _a[6], 267 с. | ||
| 461 | 0 |
_1001v19\rc\1876040 _12001#$aПолное собрание сочинений$fСельма Лагерлеф$vТ. 8 _1700#1$aЛагерлеф$bС.$f1858-1940$gСельма _96037661 _aЛагерлеф, С. (1858-1940) _cМосква _d1910-1911 _e2-е изд. _fСельма Лагерлеф _nВ.М. Саблин _tПолное собрание сочинений _vТ. 8 |
|
| 702 | 0 |
_aВ. К. _4730 |
|
| 801 | 0 |
_aRU _bNLR _gpsbo |
|
| 801 | 0 |
_aRU _bRuMoRGB _2psbo |
|
| 801 | 1 |
_aRU _bProSoft-M _2rusmarc |
|
| 852 |
_aNLR _j37.34.9.36(8) |
||
| 852 |
_aNLR _jЛ60 Б-3/68(2) |
||
| 899 | _aНБ СПбГУ | ||
| 899 |
_aГПИБ _y(1-10*) |
||
| 899 |
_aНБ МГУ _y(1-10*) |
||
| 899 |
_aRuMoRGB _jU 82/491 _y(1-9*) |
||
| 942 | _cBOOK | ||
| 980 | _aNB | ||